A valid application (Record no. 74256)
[ view plain ]
| 000 -LEADER | |
|---|---|
| fixed length control field | 01167cab a2200217 4500 |
| 001 - CONTROL NUMBER | |
| control field | ABS67641 |
| 008 - FIXED-LENGTH DATA ELEMENTS--GENERAL INFORMATION | |
| fixed length control field | 040309n2004 000 0 eng u |
| 035 ## - SYSTEM CONTROL NUMBER | |
| System control number | (Sirsi) u125385 |
| 100 ## - MAIN ENTRY--PERSONAL NAME | |
| Personal name | Murdoch, S. |
| 245 #2 - TITLE STATEMENT | |
| Title | A valid application |
| 260 ## - PUBLICATION, DISTRIBUTION, ETC. | |
| Date of publication, distribution, etc. | 2004 |
| 490 ## - SERIES STATEMENT | |
| Series statement | Estates Gazette |
| Volume/sequential designation | (0408) 21 February 2004, 133(1) |
| 520 ## - SUMMARY, ETC. | |
| Summary, etc. | Discusses a recent case "Norwich Union Linked Life Assurance v Mercantile Credit Co Ltd" ([2003] EWHC 3064 (Ch), [2004] 04 EG 109(1) (CS)) which questions the validity of a tenant's application to sublet. There is no implied requirement that an application for consent to a subletting must contain details of the proposed sub-rent. Copying an application for your information to the landlord's agent does not amount to service. Where a technically invalid application is processed by the landlord's agent, there can be no subsequent complaint about its validity. |
| 590 ## - LOCAL NOTE (RLIN) | |
| Local note | ABS |
| 650 ## - SUBJECT ADDED ENTRY--TOPICAL TERM | |
| Topical term or geographic name entry element | NORWICH UNION LINKED LIFE ASSURANCE V MERCANTILE CREDIT CO LTD |
| 650 ## - SUBJECT ADDED ENTRY--TOPICAL TERM | |
| Topical term or geographic name entry element | SUBLETTING OF PREMISES |
| 650 ## - SUBJECT ADDED ENTRY--TOPICAL TERM | |
| Topical term or geographic name entry element | LANDLORDS CONSENT |
| 650 ## - SUBJECT ADDED ENTRY--TOPICAL TERM | |
| Topical term or geographic name entry element | VALIDITY OF NOTICE |
| 690 ## - LOCAL SUBJECT ADDED ENTRY--TOPICAL TERM (OCLC, RLIN) | |
| Topical term or geographic name as entry element | LANDLORD AND TENANT-LEASES-CASE LAW |
| 942 ## - ADDED ENTRY ELEMENTS (KOHA) | |
| Suppress in OPAC | 0 |
| Withdrawn status | Lost status | Source of classification or shelving scheme | Damaged status | Not for loan | Home library | Current library | Shelving location | Date acquired | Total Checkouts | Full call number | Barcode | Date last seen | Copy number | Price effective from | Koha item type |
|---|---|---|---|---|---|---|---|---|---|---|---|---|---|---|---|
| Dewey Decimal Classification | London | London | Journal article | 09/03/2004 | ABS67641 | 125385-1001 | 06/08/2019 | 1 | 06/08/2019 | Law report |